|
|
|
|
| LEADER |
00000nab a2200000 a 4500 |
| 001 |
vtls000844917 |
| 003 |
SK-MaSNL |
| 005 |
20260302164635.0 |
| 008 |
140423c2003 xo 0 slo |
| 015 |
|
|
|a SNBRB2003/11-32444
|
| 035 |
|
|
|a CLN000196572
|
| 040 |
|
|
|a SNKBUCL
|b slo
|c SNKBUCL
|e AACR2
|
| 041 |
0 |
|
|a slo
|
| 044 |
|
|
|a xo
|c SK
|
| 080 |
|
|
|a 791.44.071.2
|2 1997
|
| 080 |
|
|
|a 929 Riefenstahl, Leni
|2 1997
|
| 100 |
1 |
|
|a Sokol, Štefan M.,
|d 1927-2009
|4 aut
|9 212416
|
| 245 |
1 |
0 |
|a Príťažlivosť zla
|c Štefan M. Sokol
|
| 600 |
1 |
7 |
|a Riefenstahl, Leni,
|d 1902-2003
|2 snkbucl
|9 651923
|
| 655 |
|
7 |
|a články z novín a časopisov
|2 snkbucl
|9 267496
|
| 773 |
0 |
|
|t Literárny týždenník
|g Roč. 16, č. 42 (2003), s. 4
|x 0862-5999
|
| 850 |
|
|
|a Slovenská národná knižnica v Martine
|
| 852 |
|
|
|a SNK
|b KIS3GCP
|
| 958 |
|
|
|a DE
|
| 958 |
|
|
|a BC
|
| 992 |
|
|
|a RBX
|
| 999 |
|
|
|c 1387357
|d 1389287
|